000 00654nam a2200217Ia 4500
005 20230120112550.0
008 131103s9999 xx 000 0 und d
040 _aLoreto College
041 _aEnglish
082 _a882
_bAES
100 _aAeschylus
245 _aPrometheus bound the suppliants seven againts thebes the Persians
_cAeschylus,translated with an introduction by Philip Vellacott
260 _aHarmoundsworth
_bPenguin Books
_c1961
300 _a160 p.
440 _aPenguin Classics
504 _aIncludes bibliographical references
650 _aGreek Drama
700 _aVellacott,Philip,tr.
850 _aLCLIB
942 _cBK
999 _c5522
_d56001